000 00763nam a2200277Ia 4500
003 GCL
008 140319s9999 xx 000 0 ara d
040 _aGCL /
_cGCL
082 0 4 _a796.019
_bع ا
100 1 _aعزت محمود الكاشف
245 1 0 _aالاعداد النفسى للرياضيين /
_cعزت محمود الكاشف
300 _a275 ص
490 _a
650 0 4 _aالشطرنج
650 0 4 _aكرة القدم
650 0 4 _aالمصارعة
650 0 4 _aكرة اليد
650 0 4 _aالتنس
650 0 4 _aالسباحة
650 0 4 _aكرة الماء
650 0 4 _aالدراجات
650 0 4 _aعلم النفس الرياضى
650 0 4 _aالهوكى
650 0 4 _aكرة الطائرة
942 _2ddc
_cBK
999 _c38576
_d38576